000
00256nam a22001217a 4500
008
181102b xxu||||| |||| 00| 0 eng d
041
_a
eng
080
_a
617
100
_a
6
101
_a
SHK
245
_a
Textbook of Surgery
_c
Sabiston
942
_2
udc
_c
BK
999
_c
51719
_d
51719